| 000 | 00433nam a22001577a 4500 | ||
|---|---|---|---|
| 005 | 20240917100549.0 | ||
| 008 | 240917b |||||||| |||| 00| 0 eng d | ||
| 020 | _a9780495603641 | ||
| 082 | _a158.3 HEP;1 R | ||
| 100 | _aHeppner, P. Paul. Wampold, Bruce E. Kivlighan, Dennis M. | ||
| 245 | _aResearch design in counseling | ||
| 250 | _a3rd ed. | ||
| 260 |
_aAustralia _bThomson/Brooks _c2008 |
||
| 300 | _axx, 666 | ||
| 942 | _cPU | ||
| 999 |
_c297582 _d297582 |
||